000 00502nam a2200169Ia 4500
008 090201s9999 xx 000 0 und d
010 _aKPL-12816
040 _bइंग्रजी
041 _aइंग्रजी
082 _a23970
_b12816
100 _aacharya rajneesh
245 _al.s.d. a shortcut to false samadhi
_cacharya rajneesh
260 _c2004
_bishwarlal n shah publications
300 _a25
_bमोठा
600 _al.s.d. a shortcut to false samadhi
942 _cBOOK
999 _c223385
_d223385